000 00666nam a22001937a 4500
999 _c56902
_d56902
005 20191106142411.0
008 190612b2019 en ||||| |||| 00| 0 eng d
020 _q0022-327
041 _aeng
245 _aJournal of Physics D: Applied Physics :
_b2019 Volume 52 № 14 (3 April ) /
_cSerah Whichouse.
260 _aPhiadelphia :
_bPublishing Ltd,
_c2019.
300 _aV.
653 _aპერიოდიკა
653 _aგამოყენებითი ფიზიკა
653 _aფიზიკა
653 _aJournal of Physics D: Applied Physics
700 _aWhichouse, Serah
_eრედაქტორი
_92455
942 _2udc
_cCR